| 000 | 01169nam a2200349Ia 4500 | ||
|---|---|---|---|
| 001 | dia_1548 | ||
| 003 | CHAP | ||
| 005 | 20251023165143.0 | ||
| 008 | 220117s1994 xx 000 0 und d | ||
| 010 | _a172091 | ||
| 020 | _a968-26-1247-0 | ||
| 040 | _cCHAP | ||
| 082 | _a697.93 P58 1994 | ||
| 100 |
_aPita, Edward G. _9150981 |
||
| 245 |
_aAcondicionamiento de aire principios y sistemas : un enfoque energético / _c Edward G. Pita ; traducción Virgilio González Pozo |
||
| 260 |
_aMéxico : _b CECSA, _c1994 |
||
| 300 | _axvii, 548 p. | ||
| 400 | _a548 P | ||
| 500 | _aTítulo original: Air conditioning principles and systems: an energy approach | ||
| 503 | _aC/e | ||
| 504 | _aBibliografía: p. 515 | ||
| 590 | _aTH7687 P58 1994 | ||
| 650 |
_aAcondicionamiento de aire _9150982 |
||
| 650 |
_aAir conditioning _9150971 |
||
| 650 |
_aBuildings _xEnergy conservation _9150983 |
||
| 650 |
_aEdificios _xConservación de la energía _9150984 |
||
| 700 |
_aGonzález Pozo, Virgilio, tr. _9150985 |
||
| 901 | _a697.93 P58 1994 | ||
| 902 | _aM | ||
| 905 | _a5232271994 mx abmn8222223322spa16 | ||
| 942 |
_cLIBRO _2ddc |
||
| 999 |
_c172091 _d172091 |
||